Statistics for Country Flags that are Red, White, and Blue Only

Click here to take the quiz!

General Stats

  • This quiz has been taken 34,760 times
    (34,736 since last reset)
  • The average score is 18 of 22

Answer Stats

Answer% Correct
Australia
99%
France
98%
United Kingdom
98%
United States
98%
New Zealand
95%
Norway
95%
Russia
91%
Netherlands
88%
Iceland
86%
Nepal
81%
North Korea
81%
Cuba
81%
Czech Republic
81%
Chile
80%
Slovakia
76%
Panama
74%
Thailand
73%
Luxembourg
70%
Laos
61%
Taiwan
61%
Liberia
60%
Samoa
52%

Score Distribution

Percentile by Number Answered

Percent of People with Each Score

Your Score History

You have not taken this quiz since the last reset